Supply Chain Management: Strategy, Planning and Operation. (Record no. 2553)

MARC details
005 - DATE AND TIME OF LATEST TRANSACTION
control field 20250522162301.0
020 ## - INTERNATIONAL STANDARD BOOK NUMBER
International Standard Book Number 0-13-208608-5
082 ## - DEWEY DECIMAL CLASSIFICATION NUMBER
Classification number 658.72 CHO
100 ## - MAIN ENTRY--PERSONAL NAME
Author name CHOPRA, S.
245 ## - TITLE STATEMENT
Title Supply Chain Management: Strategy, Planning and Operation.
250 ## - EDITION STATEMENT
Edition statement 3rd Ed.
260 ## - PUBLICATION, DISTRIBUTION, ETC.
Place of publication, distribution, etc. New Jersey,
Name of publisher, distributor, etc. Prentice Hall,
Date of publication, distribution, etc. 2007.
300 ## - PHYSICAL DESCRIPTION
Extent xv, 536p.: Ill.;figures & table
Other physical details Bibliographical references & Index
Dimensions 25cm.
700 ## - ADDED ENTRY--PERSONAL NAME
Other authors/Editors MEINDL, P.
942 ## - ADDED ENTRY ELEMENTS (KOHA)
Source of classification or shelving scheme Dewey Decimal Classification
Koha item type Books
Holdings
Date last seen Total checkouts Full call number Barcode Cost, replacement price Price effective from Koha item type Lost status Source of classification or shelving scheme Damaged status Not for loan Withdrawn status Home library Current library Shelving location Date acquired Cost, normal purchase price
05/22/2025   658.72 CHO 0000009656 144000.00 05/22/2025 Books   Dewey Decimal Classification       College of Business Education Main Library College of Business Education Main Library General Collection 10/27/2005 48000.00
05/23/2025   658.72 CHO 0000009678 144000.00 05/23/2025 Books   Dewey Decimal Classification       College of Business Education Main Library College of Business Education Main Library General Collection 10/27/2005 48000.00
06/13/2025   LECT 658.72 CHO 00000012950 144000.00 06/13/2025 Books   Dewey Decimal Classification       College of Business Education Main Library College of Business Education Main Library General Collection 10/27/2005 48000.00